[Event "Fagernes TV 2 Elo op"]
[Site "Fagernes"]
[Date "2015.12.28"]
[Round "2"]
[White "Narheim, Mats"]
[Black "Krogseth, Lars Martin"]
[Result "0-1"]
[WhiteElo "1356"]
[BlackElo "1599"]
[PlyCount "36"]
[EventDate "2015.12.27"]
[EventType "swiss"]
[EventRounds "9"]
[EventCountry "NOR"]
[SourceTitle "CBM 170 Extra"]
[Source "ChessBase"]
[SourceDate "2016.02.25"]
[SourceVersion "1"]
[SourceVersionDate "2016.02.25"]
[SourceQuality "1"]

1. e4 d5 2. exd5 Nf6 3. Nc3 Nxd5 4. Bc4 Nxc3 5. Qf3 e6 6. Qxc3 Nc6 7. d3 Bb4 8. Qxb4 Nxb4 9. Bb3 a5 10. Nf3 a4 11. Bc4 Nxc2+ 12. Kf1 Nxa1 13. Ne5 c6 14. Be3 Ra5 15. Nf3 b5 16. Bxe6 Qxd3+ 17. Kg1 Qd1+ 18. Ne1 Qxe1# 0-1

[Event "Fagernes Norsk op-B"]
[Site "Fagernes"]
[Date "2015.03.29"]
[Round "7"]
[White "Berntsen Oybo, August"]
[Black "Krogseth, Lars Martin"]
[Result "1-0"]
[WhiteElo "1717"]
[BlackElo "1585"]
[PlyCount "43"]
[EventDate "2015.03.29"]
[EventType "swiss"]
[EventRounds "9"]
[EventCountry "NOR"]
[SourceTitle "EXT 2016"]
[Source "ChessBase"]
[SourceDate "2015.10.08"]
[SourceVersion "1"]
[SourceVersionDate "2015.10.08"]
[SourceQuality "1"]

1. e4 d5 2. exd5 Nf6 3. Bb5+ Bd7 4. Bxd7+ Qxd7 5. c4 e6 6. dxe6 fxe6 7. d4 Bb4+ 8. Bd2 Bxd2+ 9. Qxd2 Nc6 10. Nf3 0-0-0 11. 0-0 Nxd4 12. Ne5 Qe7 13. Qa5 Kb8 14. Na3 a6 15. b4 c6 16. b5 Qc5 17. Nf7 Rdf8 18. Nxh8 Ng4 19. Qd2 Nxh2 20. Kxh2 Nf3+ 21. gxf3 Rxf3 22. Qd8+ 1-0

[Event "Fagernes Norsk op-B"]
[Site "Fagernes"]
[Date "2015.03.29"]
[Round "4"]
[White "Kvisla, Johannes Luangtep"]
[Black "Krogseth, Lars Martin"]
[Result "1-0"]
[WhiteElo "2174"]
[BlackElo "1585"]
[PlyCount "39"]
[EventDate "2015.03.29"]
[EventType "swiss"]
[EventRounds "9"]
[EventCountry "NOR"]
[SourceTitle "EXT 2016"]
[Source "ChessBase"]
[SourceDate "2015.10.08"]
[SourceVersion "1"]
[SourceVersionDate "2015.10.08"]
[SourceQuality "1"]

1. e4 e6 2. d4 d5 3. Nc3 c6 4. Nf3 h6 5. Bd3 Bb4 6. 0-0 Bxc3 7. bxc3 dxe4 8. Bxe4 Nf6 9. Bd3 b6 10. Ne5 Bb7 11. Ba3 Nbd7 12. Nc4 c5 13. Nd6+ Ke7 14. Nxb7 Qc7 15. dxc5 bxc5 16. Qf3 Ne5 17. Qg3 Nh5 18. Bxc5+ Qxc5 19. Nxc5 Nxg3 20. hxg3 1-0